[Event "ICS Rated blitz match"]
[Site "204.178.125.65"]
[Date "2001.09.24"]
[Round "?"]
[White "IgorIvanov"]
[Black "Hossa"]
[Result "1/2-1/2"]
[WhiteElo "2528"]
[BlackElo "2620"]
[PlyCount "182"]
[EventDate "2001.??.??"]

1. d4 Nf6 2. c4 e6 3. Nf3 b6 4. Nc3 Bb7 5. Bg5 Bb4 6. Rc1 h6 7. Bxf6 Qxf6 8. e3
Bxf3 9. Qxf3 Qxf3 10. gxf3 Bxc3+ 11. Rxc3 Ke7 12. h4 Na6 13. h5 c5 14. Rg1 cxd4
15. exd4 Kf6 16. a3 Nb8 17. f4 Nc6 18. Bg2 Rac8 19. Bxc6 Rxc6 20. Kd2 Rhc8 21.
Kd3 g6 22. hxg6 fxg6 23. b4 d6 24. a4 R6c7 25. Rgc1 h5 26. Ke3 Rc6 27. b5 R6c7
28. a5 bxa5 29. c5 h4 30. Kf3 Rb8 31. cxd6 Rxc3+ 32. Rxc3 Rxb5 33. Rc7 Rd5 34.
Rxa7 Rxd6 35. Rxa5 Rxd4 36. Kg4 Re4 37. Kxh4 Rxf4+ 38. Kg3 Rf5 39. Ra4 Rh5 40.
f4 Rh7 41. Ra8 Rh1 42. Rf8+ Ke7 43. Rg8 Kf7 44. Ra8 Rf1 45. Kg4 Kf6 46. Rf8+
Kg7 47. Ra8 Rf2 48. Kg3 Rc2 49. Kg4 Rc3 50. Re8 Kf7 51. Ra8 Rd3 52. Rb8 Kg7 53.
Re8 Re3 54. Ra8 Kf7 55. Rb8 Ra3 56. Rb7+ Kf6 57. Rb8 Ra7 58. Rf8+ Kg7 59. Re8
Kf7 60. Rh8 Ra3 61. Rh7+ Kf6 62. Rh8 Rb3 63. Rf8+ Ke7 64. Rg8 Kf7 65. Ra8 Rc3
66. Rb8 Rd3 67. Ra8 Rb3 68. Ra7+ Kf6 69. Ra8 Rb1 70. Rf8+ Ke7 71. Ra8 Rg1+ 72.
Kf3 Rc1 73. Kg4 Rc2 74. Rb8 Rf2 75. Rb7+ Kf6 76. Rb8 Rg2+ 77. Kf3 Rc2 78. Rf8+
Ke7 79. Rg8 Kf7 80. Ra8 Kf6 81. Rf8+ Kg7 82. Re8 Rc6 83. Kg4 Kf7 84. Ra8 Rd6
85. Kg5 Rd5+ 86. Kg4 Rd4 87. Kg5 Rd7 88. Rb8 Re7 89. Rh8 Kg7 90. Rh6 Kf8 91.
Rh8+ Kf7 {Game drawn by the 50 move rule} 1/2-1/2

[Event "ICS rated blitz match"]
[Site "204.178.125.65"]
[Date "2001.09.24"]
[Round "?"]
[White "Hossa"]
[Black "IgorIvanov"]
[Result "1-0"]
[WhiteElo "2616"]
[BlackElo "2532"]
[PlyCount "119"]
[EventDate "2001.??.??"]

1. e4 e6 2. d4 d5 3. Nc3 dxe4 4. Nxe4 Nd7 5. Bd3 Ngf6 6. Qe2 Nxe4 7. Bxe4 c5 8.
d5 Nf6 9. Bg5 Qa5+ 10. c3 Nxe4 11. Qxe4 h6 12. Bf4 Be7 13. d6 Bf6 14. Be5 Bxe5
15. Qxe5 O-O 16. b4 Qa6 17. bxc5 Bd7 18. Nf3 Rfc8 19. Qd4 e5 20. Nxe5 Re8 21.
Kd2 Rxe5 22. Qxe5 Re8 23. Qh5 g6 24. Qf3 Bc6 25. Qd3 Bb5 26. c4 Bxc4 27. Qc3
Re2+ 28. Kc1 Be6 29. Rd1 Qa4 30. f3 Qf4+ 31. Rd2 Rxg2 32. Qd4 Qg5 33. f4 Rxd2
34. Kxd2 Qg2+ 35. Kc3 Qf3+ 36. Kb4 a5+ 37. Kxa5 Qa3+ 38. Kb6 Qa6+ 39. Kc7 Qa5+
40. Kb8 Qd8+ 41. Kxb7 Bc8+ 42. Ka7 Qd7+ 43. Kb6 Qb7+ 44. Ka5 Bd7 45. a4 Bc6 46.
Ra2 Bd5 47. Rb2 Qa7+ 48. Kb4 Bc6 49. a5 Kh7 50. Qf6 Bd5 51. f5 g5 52. Qe5 Bc6
53. Qe7 Qa6 54. Qxf7+ Kh8 55. Qf6+ Kg8 56. Qg6+ Kf8 57. Qxh6+ Ke8 58. d7+ Kd8
59. Qf6+ Kxd7 60. Rd2+ {IgorIvanov resigns} 1-0

[Event "ICS rated standard match"]
[Site "204.178.125.65"]
[Date "2001.09.24"]
[Round "?"]
[White "BrazilianMaster"]
[Black "Hossa"]
[Result "1-0"]
[WhiteElo "2654"]
[BlackElo "2355"]
[PlyCount "135"]
[EventDate "2001.??.??"]

1. e4 c5 2. Nf3 d6 3. Nc3 e6 4. g3 Nf6 5. d4 cxd4 6. Nxd4 Be7 7. Bg2 O-O 8. O-O
Nc6 9. Bg5 h6 10. Be3 Nxd4 11. Qxd4 Ng4 12. Bc1 Qc7 13. a4 Bd7 14. Rd1 Rfc8 15.
a5 Ne5 16. a6 b6 17. h3 b5 18. f4 Nc4 19. Ne2 e5 20. Qf2 b4 21. b3 Nb6 22. Ra2
Bb5 23. Bd2 Nd7 24. Bf3 Nf6 25. Kh2 Bc6 26. Bxb4 Nxe4 27. Bxe4 Bxe4 28. Nc3 Bc6
29. Nd5 Bxd5 30. Rxd5 Qc6 31. Qd2 exf4 32. gxf4 Rcb8 33. c3 Rb6 34. Qd3 Rab8
35. Rg2 Rxa6 36. Qd4 g6 37. Qd3 Kh8 38. h4 Rg8 39. c4 Kh7 40. f5 Bf6 41. fxg6+
fxg6 42. Bxd6 Bxh4 43. Qh3 Be7 44. Bxe7 Qc7+ 45. Kh1 Qf4 46. Rd1 g5 47. Bxg5
Rxg5 48. Rd7+ Kg6 49. Rxg5+ Qxg5 50. Qd3+ Qf5 51. Rg7+ Kxg7 52. Qxf5 Ra1+ 53.
Kg2 Ra2+ 54. Kg3 a6 55. c5 Ra5 56. Qd7+ Kg6 57. Qd6+ Kf5 58. c6 Re5 59. c7 Re3+
60. Kh4 Rc3 61. Qd5+ Kg6 62. Qe6+ Kh7 63. Qf7+ Kh8 64. Qf6+ Kh7 65. Qxc3 h5 66.
c8=Q a5 67. Q8h8+ Kg6 68. Qxh5# {Hossa checkmated} 1-0

[Event "ICS rated blitz match"]
[Site "204.178.125.65"]
[Date "2001.09.24"]
[Round "?"]
[White "Rubengalli"]
[Black "Hossa"]
[Result "0-1"]
[WhiteElo "2200"]
[BlackElo "2628"]
[PlyCount "80"]
[EventDate "2001.??.??"]

1. d4 Nf6 2. c4 e6 3. Nc3 Bb4 4. e3 c5 5. Nf3 cxd4 6. exd4 d5 7. Bd3 dxc4 8.
Bxc4 O-O 9. O-O Bd7 10. Bg5 Be7 11. Ne5 Nc6 12. Rc1 Be8 13. Be3 Rc8 14. Bd3 Nb4
15. Bb1 Bd7 16. a3 Nbd5 17. Qd3 h6 18. Nxd5 exd5 19. Rxc8 Bxc8 20. Re1 Bd6 21.
Rc1 Re8 22. h3 Ne4 23. Nf3 Bd7 24. Nd2 Nf6 25. b4 Qb8 26. Nb3 Bh2+ 27. Kh1 Bf4
28. Re1 b6 29. Bd2 Ne4 30. Kg1 Bh2+ 31. Kf1 Qd8 32. Qf3 Qc8 33. Bxe4 dxe4 34.
Rxe4 Bb5+ 35. Ke1 Rxe4+ 36. Qxe4 Qc4 37. Qa8+ Bb8 38. Qxb8+ Kh7 39. Kd1 Qxb3+
40. Kc1 Bd3 {Rubengalli resigns} 0-1

[Event "ICS rated blitz match"]
[Site "204.178.125.65"]
[Date "2001.09.24"]
[Round "?"]
[White "Hossa"]
[Black "IgorIvanov"]
[Result "1-0"]
[WhiteElo "2628"]
[BlackElo "2521"]
[PlyCount "93"]
[EventDate "2001.??.??"]

1. e4 e5 2. Nf3 Nc6 3. d4 exd4 4. Nxd4 Bc5 5. Nxc6 Qf6 6. Qf3 Qxf3 7. gxf3 bxc6
8. Be3 Bb6 9. Nc3 Ne7 10. Rg1 O-O 11. O-O-O d6 12. Bxb6 axb6 13. a3 Ng6 14. Kd2
Be6 15. Ne2 c5 16. Ng3 f5 17. exf5 Bxf5 18. Bc4+ Kh8 19. Bd5 Rae8 20. Rde1 Bd7
21. Rxe8 Rxe8 22. Bf7 Re7 23. Bxg6 hxg6 24. Ne4 Bf5 25. Ng5 Kg8 26. a4 Kf8 27.
Ra1 Re8 28. f4 Ra8 29. b3 Ke7 30. f3 Kd7 31. Re1 c6 32. Rh1 b5 33. Ra1 d5 34.
a5 b4 35. h4 c4 36. bxc4 dxc4 37. Ne4 Ke6 38. a6 Kd5 39. Ra5+ Kd4 40. c3+ bxc3+
41. Nxc3 Bd3 42. a7 Bf1 43. Na4 Bd3 44. Nb6 c3+ 45. Kc1 Re8 46. Re5 Rh8 47.
a8=Q {IgorIvanov resigns} 1-0

[Event "ICS rated blitz match"]
[Site "204.178.125.65"]
[Date "2001.09.24"]
[Round "?"]
[White "IgorIvanov"]
[Black "Hossa"]
[Result "1/2-1/2"]
[WhiteElo "2510"]
[BlackElo "2639"]
[PlyCount "142"]
[EventDate "2001.??.??"]

1. d4 Nf6 2. c4 e6 3. Nf3 c5 4. d5 exd5 5. cxd5 g6 6. Nc3 Bg7 7. e4 O-O 8. Bd3
Re8 9. O-O d6 10. h3 c4 11. Bc2 b5 12. a3 Bb7 13. Be3 a5 14. Nxb5 Nxe4 15. Bxe4
Rxe4 16. Nc3 Re7 17. Bd4 f6 18. Nd2 Ba6 19. Re1 Bh6 20. Nde4 f5 21. Nf6+ Kf8
22. Qf3 Bd2 23. Re2 Bg5 24. Rae1 Rxe2 25. Nxh7+ Kg8 26. Qxe2 Kxh7 27. Qe8 Kh6
28. Qf7 Nd7 29. Bg7+ Kh5 30. Re6 Ne5 31. Bxe5 Qg8 32. g4+ fxg4 33. hxg4+ Kxg4
34. Qxg8 Rxg8 35. Rxd6 Bb7 36. Bf6 Bd2 37. Ne4 Bf4 38. Rd7 Rb8 39. Nc5 Ba8 40.
Kf1 Bc1 41. Na4 Kf3 42. Ke1 g5 43. Kd1 Bf4 44. Bd4 Rb5 45. Nb6 Ke4 46. Nxa8
Kxd4 47. Kc2 Rb3 48. Nc7 Bxc7 49. Rxc7 Rf3 50. d6 Rxf2+ 51. Kc1 Kd3 52. Kb1 Rf6
53. Rg7 Rxd6 54. Rxg5 a4 55. Rg3+ Kd2 56. Rg2+ Kd3 57. Rg3+ Kd2 58. Rg2+ Kd3
59. Rg3+ Kd2 60. Rg2+ Kd3 61. Kc1 Kd4 62. Kc2 Kc5 63. Rg5+ Rd5 64. Rg8 Rh5 65.
Rc8+ Kb5 66. Rb8+ Kc5 67. Rb4 Rh2+ 68. Kb1 Rh1+ 69. Kc2 Rh2+ 70. Kc3 Rh3+ 71.
Kc2 Rh2+ {Game drawn by repetition} 1/2-1/2

[Event "ICS rated blitz match"]
[Site "204.178.125.65"]
[Date "2001.09.24"]
[Round "?"]
[White "IgorIvanov"]
[Black "Hossa"]
[Result "0-1"]
[WhiteElo "2510"]
[BlackElo "2633"]
[PlyCount "62"]
[EventDate "2001.??.??"]

1. d4 Nf6 2. c4 g6 3. Nc3 d5 4. cxd5 Nxd5 5. e4 Nxc3 6. bxc3 Bg7 7. Bc4 O-O 8.
Ne2 Nc6 9. h4 Na5 10. Bd3 c5 11. Be3 cxd4 12. cxd4 Nc6 13. Bc4 Qa5+ 14. Kf1 Qh5
15. Ng3 Qxd1+ 16. Rxd1 Rd8 17. d5 Ne5 18. Bb3 Bg4 19. f3 Bd7 20. Bd4 Bb5+ 21.
Kf2 Nd3+ 22. Ke3 Bxd4+ 23. Kxd4 Nf2 24. e5 a5 25. Ne4 Nxd1 26. Rxd1 a4 27. Bc4
Bxc4 28. Kxc4 Rac8+ 29. Kb5 Rc2 30. d6 Rb2+ 31. Kxa4 Ra8# {
IgorIvanov checkmated} 0-1

[Event "ICS rated standard match"]
[Site "204.178.125.65"]
[Date "2001.09.24"]
[Round "?"]
[White "Hossa"]
[Black "BrazilianMaster"]
[Result "1/2-1/2"]
[WhiteElo "2350"]
[BlackElo "2649"]
[PlyCount "219"]
[EventDate "2001.??.??"]

1. e4 e5 2. Nf3 Nc6 3. Bb5 a6 4. Ba4 Nf6 5. O-O Be7 6. Re1 b5 7. Bb3 O-O 8. d3
d6 9. a3 Bb7 10. Nc3 Nd4 11. Nxd4 exd4 12. Nd5 Nxd5 13. exd5 Bf6 14. Qh5 Qd7
15. Re4 c5 16. dxc6 Bxc6 17. Re1 g6 18. Qd1 a5 19. Bh6 Rfe8 20. h3 Rxe1+ 21.
Qxe1 a4 22. Ba2 Re8 23. Qd2 Qf5 24. Bf4 Qc5 25. Rc1 d5 26. Rd1 Bg7 27. Kf1 Re6
28. Re1 Rxe1+ 29. Kxe1 h6 30. Kf1 Kh7 31. h4 Qe7 32. g3 f6 33. Qd1 b4 34. axb4
Qxb4 35. Qc1 Bf8 36. Kg2 Qb6 37. Kf3 g5 38. hxg5 hxg5 39. Qh1+ Kg7 40. Bc1 Qc7
41. Bd2 Bd7 42. Bb1 Qb8 43. Qc1 Bh3 44. Qh1 g4+ 45. Ke2 Qxb2 46. Qc1 Qxc1 47.
Bxc1 Bg2 48. Bd2 Bf3+ 49. Ke1 a3 50. Ba5 Kf7 51. Bb6 Bb4+ 52. Kf1 Bc3 53. Bc5
Bb2 54. Ke1 Ke6 55. Ba2 Ke5 56. Bb3 f5 57. Ba2 f4 58. Bf8 Kf5 59. Bb3 fxg3 60.
fxg3 Ke5 61. Kf2 Bd1 62. Bc5 Kf6 63. Bd6 Ke6 64. Bf8 Kd7 65. Ba4+ Kc7 66. Bb3
Kc6 67. Be7 Kb6 68. Bd8+ Kb5 69. Be7 Kc6 70. Ba4+ Kb6 71. Bb3 Bf3 72. Ke1 Bc1
73. Bd8+ Kb5 74. Be7 Kc6 75. Ba4+ Kb6 76. Bb3 Kb5 77. Kf1 Bb2 78. Bf8 Ka5 79.
Bc5 Ka6 80. Bb4 Kb7 81. Kf2 Kb6 82. Kf1 Kc6 83. Ba4+ Kc7 84. Bb3 Kd7 85. Kf2
Ke8 86. Bd6 Kf7 87. Ke1 Ke6 88. Bf8 Kd7 89. Bc5 Kc6 90. Be7 Kb5 91. Kf1 Bh1 92.
Kg1 Bf3 93. Kf1 Kc6 94. Ke1 Bg2 95. Kf2 Bh1 96. Ke1 Kb5 97. Kf2 Kb6 98. Kf1 Kc7
99. Kg1 Bf3 100. Kf2 Kc8 101. Ke1 Bg2 102. Kf2 Bh1 103. Bc5 Kd7 104. Ke2 Kc6
105. Be7 Kc7 106. Bb4 Bg2 107. Kf2 Bh3 108. Be7 Kd7 109. Bg5 Kd6 110. Bf4+ {
Game drawn by the 50 move rule} 1/2-1/2

[Event "ICS rated blitz match"]
[Site "204.178.125.65"]
[Date "2001.09.24"]
[Round "?"]
[White "Hossa"]
[Black "IgorIvanov"]
[Result "1-0"]
[WhiteElo "2644"]
[BlackElo "2535"]
[PlyCount "155"]
[EventDate "2001.??.??"]

1. e4 e5 2. Bc4 Nf6 3. d3 c6 4. Nf3 d5 5. Bb3 Bd6 6. Nc3 d4 7. Ne2 O-O 8. c3 c5
9. O-O Nc6 10. Bd2 Bg4 11. Ng5 dxc3 12. bxc3 Na5 13. Bxf7+ Rxf7 14. Nxf7 Kxf7
15. f3 Be6 16. f4 Kg8 17. fxe5 Bxe5 18. Qc2 Nc6 19. Nf4 Bxf4 20. Bxf4 Qd7 21.
Rab1 Re8 22. Bg3 b6 23. Rbe1 Bf7 24. Bh4 Ng4 25. Re2 Nge5 26. Re3 Qe6 27. a3 h6
28. Qd2 Bg6 29. a4 Kh7 30. Rh3 Nd7 31. Bg5 h5 32. Qd1 c4 33. d4 Qxe4 34. Rxh5+
Kg8 35. Rh4 Qe2 36. Qc1 Bd3 37. Rhf4 Qe3+ 38. Qxe3 Rxe3 39. R4f2 Re8 40. Rd1
Na5 41. h3 a6 42. Kh2 Nb3 43. Kg3 b5 44. axb5 axb5 45. Rb2 Bg6 46. Ra2 Nb6 47.
Ra6 Rb8 48. Re1 Bf7 49. Bf4 Rb7 50. Re4 Nd5 51. Ra8+ Kh7 52. Be3 Nxe3 53. Rxe3
b4 54. Re4 g5 55. cxb4 Rd7 56. Re5 Nxd4 57. Rxg5 Ne6 58. Rg4 c3 59. Rc8 Nc7 60.
Rg5 Nd5 61. b5 Rb7 62. Rc5 c2 63. Rxc2 Rxb5 64. Kh2 Rb7 65. g4 Nf6 66. Re5 Kg7
67. g5 Nh5 68. Rf2 Bg6 69. Re3 Rd7 70. Kg2 Bf7 71. h4 Bg6 72. Ra3 Rc7 73. Kh3
Bf7 74. Ra4 Be6+ 75. Kh2 Bf7 76. Rd4 Bg6 77. Kg2 Rd7 78. Rxd7+ {
IgorIvanov resigns} 1-0

[Event "ICS rated blitz match"]
[Site "204.178.125.65"]
[Date "2001.09.24"]
[Round "?"]
[White "IgorIvanov"]
[Black "Hossa"]
[Result "0-1"]
[WhiteElo "2524"]
[BlackElo "2655"]
[PlyCount "126"]
[EventDate "2001.??.??"]

1. d4 Nf6 2. c4 e6 3. Nf3 c5 4. d5 exd5 5. cxd5 g6 6. Nc3 Bg7 7. e4 O-O 8. Bd3
Re8 9. O-O d6 10. h3 c4 11. Bc2 b5 12. a3 Bb7 13. Re1 a6 14. Bg5 Nbd7 15. Qd2
Qe7 16. Rad1 Rac8 17. Bh6 Bxh6 18. Qxh6 Kh8 19. Ng5 Qf8 20. Qh4 Nh5 21. f4 Kg8
22. Kh2 Qe7 23. g3 h6 24. Nf3 Qxh4 25. Nxh4 Nhf6 26. Nf3 Nb6 27. g4 Re7 28. Kg3
Rce8 29. Kf2 h5 30. g5 Nfd7 31. h4 Ba8 32. Nd4 Nc5 33. Nc6 Rd7 34. f5 Rc7 35.
Nd4 Bb7 36. f6 Bc8 37. Re3 Kf8 38. Nc6 Nbd7 39. Ne7 Ne5 40. Kg3 Bg4 41. Rd2
Ncd3 42. Bxd3 cxd3 43. Rexd3 Rb7 44. Rd4 Nf3 45. R2d3 Nxd4 46. Rxd4 Rc7 47. Kf4
Rc4 48. Rxc4 bxc4 49. Nc6 Rc8 50. Ke3 Rc7 51. Kd4 Rb7 52. Na5 Rxb2 53. Nxc4 Rh2
54. Nxd6 Rxh4 55. Na4 Rh1 56. Nc5 Rd1+ 57. Kc4 h4 58. e5 Be2+ 59. Kb4 Rxd5 60.
Nd7+ Kg8 61. e6 Rxd6 62. e7 Re6 63. Nc5 Re3 {IgorIvanov resigns} 0-1

[Event "ICS rated blitz match"]
[Site "204.178.125.65"]
[Date "2001.09.24"]
[Round "?"]
[White "Hossa"]
[Black "DuongThanh"]
[Result "1/2-1/2"]
[WhiteElo "2665"]
[BlackElo "2261"]
[PlyCount "146"]
[EventDate "2001.??.??"]

1. e4 c6 2. d4 d5 3. exd5 cxd5 4. Bd3 Nf6 5. c3 g6 6. Nf3 Bg7 7. O-O O-O 8. Re1
Nc6 9. Bf4 Bf5 10. Bxf5 gxf5 11. Ne5 e6 12. Na3 a6 13. Bg5 Qc7 14. Bxf6 Bxf6
15. Nd3 Kh8 16. Qh5 Rg8 17. f4 Rg6 18. Nc2 Rag8 19. g3 Na5 20. Ne3 Nc4 21. Nxc4
Qxc4 22. Re3 Rc8 23. a3 b6 24. Rd1 a5 25. Ne5 Bxe5 26. Rxe5 b5 27. Ra1 Qb3 28.
Re2 Qc4 29. Rf2 Rcg8 30. Rg2 Qd3 31. Kh1 Qc4 32. Rd2 Rc8 33. Rc2 Qd3 34. Rg2
Qc4 35. Rf2 Qc7 36. a4 b4 37. cxb4 axb4 38. Rd2 Qc4 39. a5 Ra8 40. Qe2 Qxe2 41.
Rxe2 Rgg8 42. Rc2 Rgb8 43. Rc7 Kg7 44. a6 Rc8 45. Rxc8 Rxc8 46. a7 Ra8 47. Kg2
Kf8 48. Kf3 Ke7 49. b3 Kd7 50. g4 fxg4+ 51. Kxg4 Ke7 52. Kg5 f6+ 53. Kh6 e5 54.
fxe5 fxe5 55. dxe5 Ke6 56. Kxh7 Kxe5 57. Kg6 d4 58. h4 d3 59. h5 d2 60. Rd1
Rxa7 61. Rxd2 Ra1 62. Re2+ Kd4 63. h6 Rg1+ 64. Kf6 Rf1+ 65. Kg7 Rg1+ 66. Kh8
Rg3 67. h7 Rxb3 68. Rh2 Rg3 69. Rh6 b3 70. Rd6+ Kc3 71. Rc6+ Kd2 72. Rb6 Kc2
73. Rxb3 Kxb3 {Hossa stalemated} 1/2-1/2

[Event "ICS rated blitz match"]
[Site "204.178.125.65"]
[Date "2001.09.24"]
[Round "?"]
[White "Hossa"]
[Black "DuongThanh"]
[Result "1-0"]
[WhiteElo "2652"]
[BlackElo "2274"]
[PlyCount "51"]
[EventDate "2001.??.??"]

1. e4 c6 2. d4 d5 3. e5 Bf5 4. Ne2 e6 5. Nf4 h6 6. Bd3 Bxd3 7. Nxd3 c5 8. dxc5
Bxc5 9. Nxc5 Qa5+ 10. Nc3 Qxc5 11. Qg4 Kf8 12. Be3 Qa5 13. O-O-O Ne7 14. f4
Nbc6 15. Qe2 a6 16. Qf2 Qd8 17. Bb6 Qd7 18. Kb1 g6 19. Ne4 Kg7 20. Nf6 Qc8 21.
g4 Rf8 22. Rd3 Ng8 23. Qh4 Nxf6 24. exf6+ Kh7 25. Qxh6+ Kxh6 26. Rh3# {
DuongThanh checkmated} 1-0

[Event "ICS rated blitz match"]
[Site "204.178.125.65"]
[Date "2001.09.24"]
[Round "?"]
[White "DuongThanh"]
[Black "Hossa"]
[Result "0-1"]
[WhiteElo "2271"]
[BlackElo "2655"]
[PlyCount "66"]
[EventDate "2001.??.??"]

1. c4 e5 2. Nc3 Be7 3. e4 d6 4. g3 f5 5. d3 fxe4 6. dxe4 Nf6 7. Bg2 O-O 8. Nge2
Be6 9. b3 Nc6 10. O-O Qe8 11. Nd5 Bd8 12. Nec3 Nd4 13. Be3 c6 14. Nxf6+ Bxf6
15. Bxd4 exd4 16. Na4 Qg6 17. Nb2 Qf7 18. Nd3 Rab8 19. a4 b5 20. axb5 cxb5 21.
cxb5 Bxb3 22. Qd2 Rxb5 23. f4 Bc4 24. Rfe1 Rh5 25. e5 dxe5 26. fxe5 Bg5 27. Qc2
Bxd3 28. Qxd3 Be3+ 29. Rxe3 Qf2+ 30. Kh1 Qxe3 31. Qxe3 dxe3 32. Rxa7 e2 33. Ra1
Rd8 {DuongThanh resigns} 0-1

[Event "ICS rated blitz match"]
[Site "204.178.125.65"]
[Date "2001.09.24"]
[Round "?"]
[White "IgorIvanov"]
[Black "Hossa"]
[Result "1-0"]
[WhiteElo "2495"]
[BlackElo "2658"]
[PlyCount "174"]
[EventDate "2001.??.??"]

1. d4 Nf6 2. c4 g6 3. Nc3 Bg7 4. e4 d6 5. Nf3 O-O 6. Be2 e5 7. O-O Nc6 8. d5
Ne7 9. b4 a5 10. Ba3 b6 11. bxa5 Rxa5 12. Bb4 Ra8 13. a4 Bh6 14. a5 Ba6 15.
axb6 cxb6 16. Qb3 Qd7 17. Ra3 Bb7 18. Rfa1 Rxa3 19. Rxa3 Bf4 20. g3 Bc1 21. Ra7
Nc8 22. Ra1 Bh6 23. Bd3 Qe7 24. Nb5 Nd7 25. Na7 Nxa7 26. Rxa7 Rb8 27. Bc2 Nc5
28. Bxc5 bxc5 29. Qb6 Bc1 30. Ba4 f5 31. exf5 e4 32. Nh4 e3 33. Ng2 e2 34. Qa5
gxf5 35. Bc6 Bb2 36. Ne1 Kg7 37. Qd2 Bd4 38. Kg2 f4 39. Nf3 fxg3 40. hxg3 Kg8
41. Rxb7 Rxb7 42. Bxb7 Qxb7 43. Qxe2 Kf8 44. Qe4 Bf6 45. Qe6 Qe7 46. Qxe7+ Kxe7
47. g4 Kd8 48. Kg3 Kc7 49. Kf4 h6 50. Ke4 Kd8 51. Ne1 Bh4 52. Nd3 Ke7 53. Kf5
Kf7 54. f4 Bg3 55. Nb2 Be1 56. Nd1 Bd2 57. Nf2 Be3 58. Ne4 Ke7 59. Nf6 Bxf4 60.
Kg6 Kf8 61. Nh5 Bg5 62. Ng3 Bf4 63. Nf5 Be5 64. Nxh6 Ke8 65. g5 Bf4 66. Ng4 Ke7
67. Kf5 Bd2 68. g6 Bc3 69. Nf2 Bd4 70. Ne4 Bb2 71. Ng3 Be5 72. Nh5 Bc3 73. Nf4
Be5 74. Ne6 Bc3 75. g7 Kf7 76. Ng5+ Kxg7 77. Ne4 Bb4 78. Nxd6 Kf8 79. Ke6 Bc3
80. Nb7 Kg7 81. d6 Kh7 82. d7 Kg6 83. d8=Q Kh5 84. Kf5 Kh6 85. Qd7 Bg7 86. Qf7
Kh7 87. Kg5 Kh8 {Hossa resigns} 1-0

[Event "ICS rated blitz match"]
[Site "204.178.125.65"]
[Date "2001.09.24"]
[Round "?"]
[White "Hossa"]
[Black "shally"]
[Result "1-0"]
[WhiteElo "2635"]
[BlackElo "2320"]
[PlyCount "89"]
[EventDate "2001.??.??"]

1. d4 f5 2. Nf3 Nf6 3. g3 g6 4. Bg2 Bg7 5. O-O O-O 6. c4 d6 7. Nc3 c6 8. Qc2
Qc7 9. Ng5 e5 10. dxe5 dxe5 11. Rd1 h6 12. Nf3 e4 13. Bf4 Qf7 14. Ne1 Qxc4 15.
Nxe4 Qxc2 16. Nxf6+ Bxf6 17. Nxc2 Bxb2 18. Bxh6 Bg7 19. Bxg7 Kxg7 20. Rab1 Na6
21. Nb4 Nc5 22. Rbc1 Ne6 23. Rc3 Rd8 24. Rcd3 Rxd3 25. Nxd3 Nc7 26. a4 Na6 27.
e4 Be6 28. Rb1 Rd8 29. exf5 Bxf5 30. Rxb7+ Kf6 31. Nb2 Nc5 32. Rb4 Rd2 33. Bxc6
a5 34. Rb5 Ne4 35. Nc4 Rd1+ 36. Kg2 Rc1 37. Nxa5 Ng5 38. h4 Bh3+ 39. Kh2 Bf1
40. hxg5+ Ke6 41. Rb6 Ke5 42. f4+ Kf5 43. Bf3 Rc2+ 44. Kg1 Bh3 45. Rf6# {
shally checkmated} 1-0

[Event "ICS Rated blitz match"]
[Site "204.178.125.65"]
[Date "2001.09.24"]
[Round "?"]
[White "Hossa"]
[Black "IgorIvanov"]
[Result "0-1"]
[WhiteElo "2639"]
[BlackElo "2508"]
[PlyCount "249"]
[EventDate "2001.??.??"]

1. d4 Nf6 2. c4 g6 3. Nc3 Bg7 4. e4 O-O 5. Nf3 d6 6. Be2 e5 7. O-O Nc6 8. d5
Ne7 9. Ne1 Ne8 10. f4 exf4 11. Bxf4 Nf6 12. e5 dxe5 13. Bxe5 Nf5 14. Qd2 Re8
15. Bf4 c6 16. Nc2 cxd5 17. cxd5 Qb6+ 18. Rf2 Bd7 19. Raf1 Ne4 20. Nxe4 Rxe4
21. Bd3 Ree8 22. b3 Rac8 23. Bc4 h5 24. d6 Qc5 25. Rd1 b5 26. Bd5 Be6 27. Bxe6
Rxe6 28. d7 Rd8 29. Qa5 Bf6 30. b4 Qc6 31. Qxa7 Re7 32. Rfd2 Qe4 33. Qa5 Rdxd7
34. Rxd7 Rxd7 35. Rxd7 Qxf4 36. Qa8+ Kg7 37. Qa3 Nd4 38. Qe3 Qf5 39. Rxd4 Qxc2
40. Rf4 Qxa2 41. h4 Qa1+ 42. Kf2 Qb2+ 43. Kf3 Qc2 44. g3 Qd1+ 45. Kg2 Qd5+ 46.
Qe4 Qd2+ 47. Rf2 Qd6 48. Qf3 Qd4 49. Kg1 Qa1+ 50. Kh2 Qd4 51. Rf1 Qb2+ 52. Kh3
Qe5 53. Qd3 Qe6+ 54. Kg2 Qe5 55. Rf2 Be7 56. Re2 Qd6 57. Qxb5 Qxb4 58. Qd5 Bf6
59. Rf2 Qd4 60. Qc6 Qe5 61. Qf3 Qc3 62. Qxc3 Bxc3 63. Rc2 Be5 64. Rc6 f5 65.
Kf3 Kf7 66. Rb6 Kg7 67. Re6 Bb8 68. Rc6 Be5 69. Rb6 Kf7 70. Ra6 Kg7 71. Kg2 Kf7
72. Ra7+ Kf6 73. Kf3 Bb8 74. Ra6+ Kf7 75. Ra2 Be5 76. Re2 Kf6 77. Rc2 Kf7 78.
Rc1 Bd6 79. Re1 Kf6 80. Ra1 Kf7 81. Ra8 Be5 82. Ra7+ Kf6 83. Ra8 Kf7 84. Rc8
Kf6 85. Re8 Bd6 86. Rh8 Kf7 87. Rc8 Be5 88. Rc5 Ke6 89. Rc8 Kf7 90. Rd8 Ke7 91.
Rg8 Kf7 92. Ra8 Ke7 93. Ra6 Kf7 94. Ra5 Kf6 95. Rd5 Ke6 96. Rb5 Kf6 97. Rb7 Ke6
98. Ra7 Kf6 99. Ra5 Ke6 100. Rb5 Kf6 101. Rb1 Ke6 102. Rb7 Kf6 103. Rb5 Ke6
104. Rb4 Kf6 105. Rc4 Ke6 106. Ra4 Kf6 107. Ra3 Ke6 108. Re3 Kf6 109. Rb3 Ke6
110. Rd3 Kf6 111. Rd1 Ke6 112. Re1 Kf6 113. Rxe5 Kxe5 114. Ke2 Ke4 115. Kf2 f4
116. g4 hxg4 117. h5 gxh5 118. Ke2 g3 119. Kd2 g2 120. Kc3 g1=Q 121. Kb4 Qc1
122. Kb5 Kd5 123. Kb6 Qc6+ 124. Ka5 Qb7 125. Ka4 {Hossa resigns} 0-1

[Event "ICS rated blitz match"]
[Site "204.178.125.65"]
[Date "2001.09.24"]
[Round "?"]
[White "IgorIvanov"]
[Black "Hossa"]
[Result "1-0"]
[WhiteElo "2525"]
[BlackElo "2617"]
[PlyCount "146"]
[EventDate "2001.??.??"]

1. d4 Nf6 2. c4 g6 3. Nc3 d5 4. cxd5 Nxd5 5. e4 Nxc3 6. bxc3 Bg7 7. Bc4 O-O 8.
Ne2 Nc6 9. O-O b6 10. Bd5 Bb7 11. Bg5 Qd7 12. c4 e6 13. Bxc6 Qxc6 14. f3 Qxc4
15. Rc1 Qb5 16. Qd2 Ba6 17. Rfe1 Qd7 18. e5 c6 19. Qf4 Rfe8 20. Ng3 Qd5 21.
Red1 Qxa2 22. Ra1 Qb3 23. Rdb1 Qd3 24. Rd1 Qc4 25. Ne4 Reb8 26. Nf6+ Kh8 27.
Qh4 h5 28. g4 Bxf6 29. Bxf6+ Kh7 30. Qg5 Rg8 31. Rd2 Bb7 32. Kf2 c5 33. gxh5
Bxf3 34. Kxf3 Qc3+ 35. Kf2 Qh3 36. Qg3 Qf5+ 37. Qf3 Qxf3+ 38. Kxf3 gxh5 39.
dxc5 bxc5 40. Rd7 a5 41. Rxf7+ Kg6 42. Rc7 Kf5 43. Rxc5 a4 44. Ra3 Rg4 45. h3
Rf4+ 46. Kg2 h4 47. Rc2 Rb8 48. Rf2 Rxf2+ 49. Kxf2 Rb3 50. Rxa4 Rxh3 51. Kg2
Rg3+ 52. Kh2 Rg4 53. Rxg4 Kxg4 54. Kg2 Kf4 55. Kh3 Kf5 56. Kxh4 Kg6 57. Kg4 Kh6
58. Bd8 Kg6 59. Bg5 Kh7 60. Kh5 Kg7 61. Bh4 Kf7 62. Kh6 Kg8 63. Kg6 Kh8 64. Kf6
Kg8 65. Kxe6 Kg7 66. Kd7 Kh7 67. e6 Kg6 68. e7 Kf5 69. e8=Q Kf4 70. Qg6 Ke3 71.
Qg4 Kd3 72. Bg5 Kc3 73. Qe4 Kb3 {Hossa resigns} 1-0

[Event "ICS rated blitz match"]
[Site "204.178.125.65"]
[Date "2001.09.24"]
[Round "?"]
[White "Alquiles1"]
[Black "Hossa"]
[Result "0-1"]
[WhiteElo "2105"]
[BlackElo "2597"]
[PlyCount "60"]
[EventDate "2001.??.??"]

1. e4 e5 2. f4 d5 3. Nf3 exf4 4. e5 g5 5. d4 g4 6. Bxf4 gxf3 7. Qxf3 c6 8. Bd3
Qb6 9. c3 Qxb2 10. O-O Qxa1 11. Bd2 Be6 12. Bf5 Ne7 13. Bxe6 fxe6 14. Qf7+ Kd7
15. Be3 Qxa2 16. Nd2 Na6 17. Nf3 h6 18. Nh4 Qe2 19. Bc1 Rg8 20. Ba3 Qe3+ 21.
Kh1 Qxc3 22. Bd6 Qxd4 23. Nf5 exf5 24. Bxe7 Bxe7 25. Qxf5+ Kc7 26. Qe6 Qh4 27.
h3 Raf8 28. Rc1 Rxg2 29. Rc3 Rf1+ 30. Kxg2 Qf2# {Alquiles1 checkmated} 0-1

[Event "ICS rated blitz match"]
[Site "204.178.125.65"]
[Date "2001.09.24"]
[Round "?"]
[White "Hossa"]
[Black "IgorIvanov"]
[Result "1/2-1/2"]
[WhiteElo "2599"]
[BlackElo "2546"]
[PlyCount "159"]
[EventDate "2001.??.??"]

1. e4 e5 2. Nf3 Nc6 3. d4 exd4 4. Nxd4 Bc5 5. Nxc6 Qf6 6. Qf3 Qxf3 7. gxf3 bxc6
8. Be3 Bb6 9. Nc3 d6 10. Rg1 g6 11. O-O-O Nf6 12. Bc4 O-O 13. Bh6 Re8 14. Rg2
Be6 15. Bxe6 fxe6 16. a3 e5 17. Kd2 d5 18. Bg5 Rf8 19. Ke2 d4 20. Bxf6 Rxf6 21.
Nb1 Ba5 22. b4 Bb6 23. Nd2 a5 24. Nc4 axb4 25. axb4 Ra2 26. Rc1 d3+ 27. Kxd3
Rxf3+ 28. Ke2 Rc3 29. Nxe5 Rcxc2+ 30. Rxc2 Rxc2+ 31. Kd3 Rxf2 32. Rxf2 Bxf2 33.
Nxc6 Bg1 34. h3 h5 35. Ne5 Kg7 36. Nf3 Bf2 37. e5 Kf7 38. b5 Bc5 39. Ng5+ Ke7
40. Ke4 Ba3 41. Kd5 Bc1 42. Ne6 g5 43. Nxc7 g4 44. hxg4 hxg4 45. b6 Be3 46. b7
Ba7 47. Nb5 Bb8 48. Nd4 Kd7 49. e6+ Kc7 50. Nf5 Ba7 51. e7 Kd7 52. Ke4 Bb8 53.
Kd4 Bc7 54. Ke3 Bb8 55. Kf2 Bc7 56. Kg1 Bb8 57. Kg2 Bc7 58. Kf2 Bb8 59. Ke2 Bc7
60. Kf1 Bb8 61. Ke1 Bc7 62. Kd2 Bb8 63. Ke3 Bc7 64. Kd4 Bb8 65. Ke4 Bc7 66. Kd3
Bb8 67. Kd2 Bc7 68. Ke2 Bb8 69. Kf1 Bc7 70. Kg2 Bb8 71. Kg1 Bc7 72. Nd4 Kxe7
73. b8=Q Bxb8 74. Nc6+ Kd6 75. Nxb8 g3 76. Kg2 Kc7 77. Na6+ Kb6 78. Nb4 Kb5 79.
Nc2 Kc4 80. Kxg3 {Game drawn because neither player has mating material}
1/2-1/2